• 首页
  • 本馆介绍
  • 公告通知
  • 最新文献
  • 馆藏检索
  • 电子资源
  • 读者荐购
  • 参考咨询
  • CALIS
  • 我的图书馆
  • 登录
  • 详细信息显示
  • 放入我的书架
  • 预约/预借图书
  • 作者相关作品
  • 分类相关作品
  • 丛书相关作品
  • 出版社相关作品

书目信息

  • 表格格式
  • 工作单格式
  • 卡片格式
题名:
马礼逊《华英字典》词汇研究
    
 
作者: 陈路 著
分册:  
出版信息: 南昌   江西人民出版社  2024.08
页数: 341页
开本: 24cm
丛书名:
单 册:
中图分类: H316
科图分类:
主题词: 英语--汉语--词典 , 汉语--词汇--研究
电子资源:
ISBN: 978-7-210-14933-0
 
 
 
 
 
000 01242nam0 2200253 450
001 012759806
005 20251022100449.67
010    @a978-7-210-14933-0@dCNY82.00
100    @a20241011d2024 em y0chiy0120 ea
101 0  @achi@aeng
102    @aCN@b360000
105    @aak e 000yy
106    @ar
200 1  @a马礼逊《华英字典》词汇研究@9ma li xun《hua ying zi dian》ci hui yan jiu@f陈路著
210    @a南昌@c江西人民出版社@d2024.08
215    @a341页@c图@d24cm
300    @a江西科技师范大学出版资助 江西科技师范大学著作出版资助基金项目 本书为江西省社会科学基金一般项目“文化的摆渡者:19世纪汉英词典文化负载词研究”、江西省高校人文社会科学研究青年基金项目“文明互鉴视阈下晚清传教士双语词典编纂中的文化史研究”、江西科技师范大学博士科研启动基金项目“马礼逊《华英字典》词汇研究”研究成果。
330    @a本书以马礼逊《华英字典》所收汉语词条为主要语料,力图通过对这部世界上出版的第一部英汉双语综合词典收词特点的研究,描写出当时汉语词汇系统的基本面貌,并对具体的词汇现象加以分析和阐释,从而揭示出由近代汉语词汇向现代汉语词汇发展演变的基本规律。
606 0  @a英语@x汉语@j词典
606 0  @a汉语@x词汇@x研究
690    @aH316@v5
701  0 @a陈路@9chen lu@4著
801  0 @aCN@c20250905
905    @a河南城建学院图书馆@dH316@eC508@ZC508@f1
    
    马礼逊《华英字典》词汇研究/陈路著.-南昌:江西人民出版社,2024.08
    341页:图;24cm
    江西科技师范大学出版资助 江西科技师范大学著作出版资助基金项目 本书为江西省社会科学基金一般项目“文化的摆渡者:19世纪汉英词典文化负载词研究”、江西省高校人文社会科学研究青年基金项目“文明互鉴视阈下晚清传教士双语词典编纂中的文化史研究”、江西科技师范大学博士科研启动基金项目“马礼逊《华英字典》词汇研究”研究成果。
    
    ISBN 978-7-210-14933-0:CNY82.00
    本书以马礼逊《华英字典》所收汉语词条为主要语料,力图通过对这部世界上出版的第一部英汉双语综合词典收词特点的研究,描写出当时汉语词汇系统的基本面貌,并对具体的词汇现象加以分析和阐释,从而揭示出由近代汉语词汇向现代汉语词汇发展演变的基本规律。
●
相关链接 在E读中查询图书 在当当中查询图书 在豆瓣中查询图书


正题名:马礼逊《华英字典》词汇研究     索取号:H316/C508         预约/预借

序号 登录号 条形码 馆藏地/架位号 状态 备注
1 1631334   216313344   语言库209/209语言库 40排3列6层/ [索取号:H316/C508] 在馆    
河南城建学院图书馆 欢迎您!
大连网信软件有限公司© 版权所有